Estudio de un suelo arcilloso expansivo del Valle Central Occidental de Costa Rica para su uso como subrasante

محفوظ في:
التفاصيل البيبلوغرافية
المؤلف الرئيسي: Castro Muñoz, Esteban
التنسيق: كتاب
اللغة:Spanish
منشور في: [San José], Costa Rica 2012
الموضوعات:
الوسوم: إضافة وسم
لا توجد وسوم, كن أول من يضع وسما على هذه التسجيلة!

MARC

LEADER 00000nam a22000007a 4500
003 010743
005 20221231143929.0
008 151103b2012 cr a|||| |||| 00| 0 spa d
040 |c cru CEDI 
090 |a TFG 6568 
100 |9 2031  |a Castro Muñoz, Esteban  
245 |a  Estudio de un suelo arcilloso expansivo del Valle Central Occidental de Costa Rica para su uso como subrasante  
260 |a [San José], Costa Rica  |c 2012 
500 |a Proyecto de graduación (licenciatura en ingeniería civil)--Universidad de Costa Rica. Facultad de Ingeniería. Escuela de Ingeniería Civil 
650 |x CARRETERAS - CIMENTACIONES - COSTA RICA  |x CARRETERAS - SUBRASANTE  |x SUELOS ARCILLOSOS  |x MONTMORILLONITA   |x PAVIMENTOS - DISEÑO Y CONSTRUCCION  |x SUELOS - COSTA RICA  |9 2032 
942 |c TFG 
999 |c 14382  |d 14382